Statistics for Top 50 NBA Centers All-Time

Click here to take the quiz!

General Stats

  • This quiz has been taken 369 times
  • The average score is 27 of 50

Answer Stats

RankPlayerRetired% Correct
1Kareem Abdul-Jabbar1989
98%
4Shaquille O'Neal2011
98%
3Wilt Chamberlain1973
97%
2Bill Russell1969
95%
5Hakeem Olajuwon2002
94%
6David Robinson2003
92%
7Patrick Ewing2002
86%
11Dwight Howard-
85%
8Moses Malone1995
85%
38Pau Gasol2019
81%
48Marc Gasol2021
80%
18Dikembe Mutombo2009
77%
10Robert Parish1997
77%
13George Mikan1956
70%
41Joel Embiid-
70%
15Bill Walton1987
69%
21Alonzo Mourning2008
65%
26Yao Ming2011
62%
25Ben Wallace2012
61%
14Wes Unseld1981
61%
12Willis Reed1974
61%
22Artis Gilmore1988
58%
27Bill Laimbeer1994
58%
9Bob McAdoo1986
55%
20Dave Cowens1983
52%
49DeAndre Jordan-
51%
35Mark Eaton1993
51%
17Elvin Hayes1984
48%
16Nate Thurmond1977
45%
36DeMarcus Cousins-
44%
30Dolph Schayes1964
43%
23Bob Lanier1984
42%
40Ralph Sampson1992
42%
46Rik Smits2000
42%
39Joakim Noah2020
41%
42Karl-Anthony Towns-
39%
33Arvydas Sabonis2003
35%
29Jack Sikma1991
35%
43Zydrunas Ilgauskas2011
34%
31Brad Daugherty1994
32%
37Al Horford-
31%
47Bill Cartwright1995
30%
50Marcus Camby2013
30%
19Walt Bellamy1975
30%
24Jerry Lucas1974
29%
44Mychal Thompson1991
26%
32Dan Issel1985
21%
28Neil Johnston1959
18%
34Clyde Lovellette1964
9%
45Arnie Risen1958
5%

Score Distribution

Percentile by Number Answered

Percent of People with Each Score

Your Score History

You have not taken this quiz